=LDR 00000nam 2200000 4500 =001 INLIS000000000012229 =005 20130612103751 =008 ***********************************Ind** =035 ##$$0010-061300000012229 =041 ##$$a Ind =082 ##$$a 581 =090 ##$$a 581, Kha p =100 ##$$a Khasrudin =245 ##$$a Pembibitan tanaman HTI, Khaerudin =260 ##$$a 1994 $b Jakarta =300 ##$$a ix, 110 hlm, Ilus, 21 cm =650 ##$$a Bibit =850 ##$$a NBPNMAT